000 00321nam a22001457a 4500
020 _a9781445396538
082 _aP1
100 _aBPP Learning Media
245 _aGovernace, Risk and Ethics P1
250 _aJune 2014
260 _aUnited Kingdom
_bBPP
_c2012
300 _a448
490 _aP1 Study Text
942 _cBK
999 _c1613
_d1613